000 00812nam a2200253Ia 4500
003 OSt
005 20221005104716.0
006 a|||||r|||| 00| 0
007 ta
008 221004b |||||||| |||| 00| 0 hin d
020 _a818567924X
024 _a34160
037 _cTextual
040 _aCRL
_cCRL
_bhin
041 _2hin
_ahin
082 _aP152:4k, N0
100 _aशर्मा, गंगा सहाय
245 0 _aविश्व मुहावरा शब्दकोश
246 _aVishva muhāvarā shabdakosha
260 _aदिल्ली
_bविश्व विजय प्रकाशन भारत
_c1990
300 _a251 पृ.
_ccm.
942 _hP152:4k, N0
_cTEXL
_2cc
999 _c1013557
_d1013557